| 000 | 00774nam a2200265Ia 4500 | ||
|---|---|---|---|
| 003 | OSt | ||
| 005 | 20221006153757.0 | ||
| 006 | a|||||r|||| 00| 0 | ||
| 007 | ta | ||
| 008 | 221006b |||||||| |||| 00| 0 eng d | ||
| 020 | _a09152822 | ||
| 024 | _a33,316 | ||
| 037 | _cAnnuals, Advances | ||
| 040 |
_aEASL _cEASL _beng |
||
| 041 |
_2eng _aeng |
||
| 082 | _aV42v, P7 | ||
| 100 |
_aBAXTER James C Ed. _9665398 |
||
| 245 | 0 |
_awriting histories in Japan _btext and their transformations |
|
| 260 |
_aJapan _bInternational Research Center _c2007 |
||
| 300 |
_aiii,371p. _ccm. |
||
| 490 | _v JEL | ||
| 700 |
_a FOGEL Joshua A. Ed. _9578830 |
||
| 942 |
_hV42v, P7 _cREF _2CC |
||
| 999 |
_c1101402 _d1101402 |
||